000 00473nam a2200181Ia 4500
001 8911
005 20260306160644.0
008 260306t2023||||xx |||||||||||||| ||spa||
041 _aESP
082 _a371.0712
_bS17
100 _aSalkeld, Brett,
_eAUT
245 0 _aEducating for eternity :
_ba teacher´s companion for making every class catholic
260 _c2023
300 _a271 páginas :
_c21 cm.
650 _aGEN
654 _aCED
942 _cLIB
_dJUS
_fJUS
_2ddc
_n
999 _c8911
_d8911